Inspections of tangible assets as part of the valuation process (Record no. 121956)
[ view plain ]
| 000 -LEADER | |
|---|---|
| fixed length control field | 01321cad a22002415a 4500 |
| 008 - FIXED-LENGTH DATA ELEMENTS--GENERAL INFORMATION | |
| fixed length control field | 240614t2024 xxk f 001 0 eng d |
| 041 0# - LANGUAGE CODE | |
| Language code of text/sound track or separate title | eng |
| 110 ## - MAIN ENTRY--CORPORATE NAME | |
| Corporate author | International Valuation Standards Committee |
| 245 00 - TITLE STATEMENT | |
| Title | Inspections of tangible assets as part of the valuation process |
| 260 ## - PUBLICATION INFORMATION | |
| Place of publication | London, |
| Publisher | International Valuation Standards Council, |
| Date | June 2024 |
| 520 ## - ABSTRACT | |
| Abstract | This International Valuation Standards Council (IVSC) Perspectives Paper focuses on the inspection of tangible assets in the valuation process. Authored by the IVSC Tangible Assets Board, this paper explores the intricacies of valuation inspections, examining both the benefits and challenges associated with various inspection methods, including traditional physical inspections and innovative technology-based virtual assessments. |
| 650 24 - KEYWORDS | |
| Keywords | INTERNATIONAL VALUATION STANDARDS |
| 650 24 - KEYWORDS | |
| Keywords | TANGIBLE ASSETS |
| 650 24 - KEYWORDS | |
| Keywords | DESKTOP VALUATION |
| 650 24 - KEYWORDS | |
| Keywords | AUTOMATED VALUATION MODELS |
| 650 24 - KEYWORDS | |
| Keywords | VALUATION |
| 651 #4 - SUBJECT ADDED ENTRY--GEOGRAPHIC NAME | |
| Geographic name | International |
| 690 ## - BROAD SUBJECT | |
| Broad subject | Valuation |
| 9 (RLIN) | 6273 |
| 710 2# - ADDED CORPORATE NAME | |
| Added corporate author | International Valuation Standards Council |
| 710 ## - ADDED CORPORATE NAME | |
| Added corporate author | Royal Institution of Chartered Surveyors |
| 856 40 - ONLINE RESOURCE | |
| Uniform Resource Identifier | <a href="https://www.ivsc.org/beyond-numbers-incorporating-esg-into-international-valuation-standards/">https://www.ivsc.org/beyond-numbers-incorporating-esg-into-international-valuation-standards/</a> |
| Public note | IVSC survey |
| 942 ## - ADDED ENTRY ELEMENTS (KOHA) | |
| Suppress in OPAC | Do not suppress in OPAC |
| Lost status | Damaged status | Not for loan | Home library | Current library | Shelving location | Date acquired | Total Checkouts | Date last seen | Price effective from | Koha item type |
|---|---|---|---|---|---|---|---|---|---|---|
| Virtual | Virtual | Online | 14/06/2024 | 14/06/2024 | 14/06/2024 | Online material |